Mariokart course quiz (N64) - Statistics

General Stats
  • This quiz has been taken 44 times
  • The average score is 9 of 16
Answer Stats
Hint Answer % Correct
4 Rainbow Road
81%
4 Bowser's Castle
70%
1 Luigi Raceway
67%
4 Mario Raceway
63%
1 Toad's Turnpike
63%
4 Kalimari Desert
59%
2 Moo Moo Farm
59%
1 Wario Stadium
59%
3 Royal Raceway
56%
2 Yoshi Valley
56%
3 Choco Mountain
52%
3 Koopa Beach
52%
3 Banshee Boardwalk
48%
2 Frappe Snowland
44%
1 DK's Jungle Parkway
33%
2 Sherbet Land
30%
No matching quizzes found
Score Distribution
Percent of People with Each Score
Percentile by Number Answered
Your Score History
You have not taken this quiz